000 00545nam a22002057a 4500
999 _c8555
_d8555
001 8555
003 BD-JhCC
005 20180227132257.0
008 180227b2006 bg ||||| |||| 00| 0 ben d
035 _a(BD-JhCC)8555
040 _aBD-JhCC
_dBD-JhCC
041 _aben
082 _a779
_b2006
100 _aপিউ, আজিজুর রহীম
245 _aছবি আলোর ভাষা /
_c আজিজুর রহীম পিউ
300 _a100 p. :
_c25 cm.
650 _aPhotograpy
942 _2ddc
_cBK